| 000 | 00809nam a2200229Ia 4500 | ||
|---|---|---|---|
| 999 |
_c41856 _d41856 |
||
| 003 | GCL | ||
| 005 | 20240530103715.0 | ||
| 008 | 140319s1993 ua 000 0 ara d | ||
| 017 |
_a1993/ 9918 _bمصر. دار الكتب |
||
| 040 |
_aGCL / _cGCL |
||
| 082 | 0 | 4 |
_a239.9/ _bك ق |
| 100 | 0 | _aكمال بسيونى | |
| 245 | 1 | 0 |
_aقائد الفكر الاسلامى : _bعمر بن الخطاب / _cكمال بسيونى |
| 250 | _aالاولى | ||
| 260 |
_aالقاهرة : _bمكتبة النهضة المصرية ، _c1993 |
||
| 300 |
_a174 ص. ؛ _c24 سم |
||
| 490 | 0 | _aمكتبة الدراسات الاسلامية. | |
| 650 | 0 | 7 |
_aعمر بن الخطاب _2qrmak |
| 650 | 0 | 7 |
_aالصحابة والتابعون _2qrmak |
| 650 | 0 | 7 |
_aالخلفاء الراشدون _2qrmak |
| 942 |
_2ddc _cBK |
||